000 00517nam a2200181Ia 4500
003 OSt
005 20240611091906.0
008 210210b1945 xxu||||| |||| 00| 0 eng d
040 _cAL
041 _akan
082 _a858/163
100 _aLINGANNAYYA (O M)
_9147029
_dಲಿಂಗಯ್ಯ (ಓ ಎಂ)
245 _aAtmajnani allama prabhu
_bಆತ್ಮಜ್ಞಾನಿ ಅಲ್ಲಮ ಪ್ರಭು
260 _aBengaluru
_b-
_c1945
690 _aBiography
_9147030
906 _a020706
942 _2ddc
_cBK
999 _c144860
_d144860